Statistics for Premier League 2022/23 Players by Name - T

Click here to take the quiz!

General Stats

  • This quiz has been taken 42 times
  • The average score is 16 of 25

Answer Stats

ClubNationPositionPlayer% Correct
ArsenalBelgiumFWLeandro Trossard
87%
LiverpoolSpainMFThiago
87%
ArsenalScotlandDFKieran Tierney
84%
LiverpoolGreeceDFKostas Tsimikas
84%
ArsenalUnited StatesGKMatt Turner
84%
Leicester CityBelgiumMFYouri Tielemans
84%
WolvesSpainFWAdama Traore
81%
Aston VillaBurkina FasoFWBertrand Traore
81%
WolvesMaliMFBoubacar Traore
81%
BournemouthIvory CoastFWHamed Traore
81%
Newcastle UnitedEnglandDFKieran Trippier
81%
ArsenalJapanDFTakehiro Tomiyasu
81%
BrentfordEnglandFWIvan Toney
71%
EvertonEnglandDFJames Tarkowski
65%
Tottenham HotspurEnglandDFJaphet Tanganga
65%
Leicester CityEnglandDFLuke Thomas
65%
FulhamNetherlandsDFKenny Tete
58%
Leicester CityBrazilFWTete
58%
BournemouthIrelandGKMark Travers
52%
Newcastle UnitedEnglandDFMatt Targett
52%
Crystal PalaceEnglandDFJames Tomkins
42%
Nottingham ForestMontserratFWLyle Taylor
39%
BournemouthEnglandMFMarcus Tavernier
32%
EvertonEnglandMFAndros Townsend
26%
Nottingham ForestEnglandDFHarry Toffolo
26%

Score Distribution

Percentile by Number Answered

Percent of People with Each Score

Your Score History

You have not taken this quiz